|
|
|
|
| LEADER |
00000nam a22000007a 4500 |
| 008 |
160418b2008 cr ||||| |||| 00| | spa d |
| 090 |
|
|
|a 06.03.06
|b 2176
|
| 100 |
1 |
|
|9 180
|a Romero Estrada, Francisco A.
|
| 245 |
1 |
0 |
|a Articulación de la Universidad de Costa Rica con instituciones de educación superior: colegios universitarios (CUNA, CUC, CUP, CUNLIMON, CURDTS), Escuela Centroamericana de Ganadería (ECAG), Centro de Investigación y Perfeccionamiento de la Educación Técnica (CIPET), Instituto Nacional de Aprendizaje (INA) /
|c Investigación, redacción y revisión Francisco Romero Estrada
|
| 260 |
|
|
|a Costa Rica :
|b Universidad de Costa Rica, Vicerrectoría de Docencia,
|c [2008?]
|
| 300 |
|
|
|a 168 páginas;
|b ilustraciones
|
| 610 |
1 |
4 |
|9 714
|a UNIVERSIDAD DE COSTA RICA
|
| 650 |
1 |
4 |
|9 8
|a EDUCACIÓN SUPERIOR
|
| 650 |
1 |
4 |
|9 1550
|a COOPERACIÓN UNIVERSITARIA
|
| 942 |
|
|
|i 003833
|h 06.03.06 2176
|2 z
|c 01
|
| 999 |
|
|
|c 3109
|d 3109
|